|
|
|
|
| LEADER |
01211cam a22002777i 4500 |
| 001 |
18206597 |
| 005 |
20210117210302.0 |
| 008 |
170118s2015 us f b 001 0 eng d |
| 010 |
|
|
|a 2014025983
|
| 020 |
|
|
|a 9781107075191
|q (hardback)
|
| 020 |
|
|
|a 9781107427815
|q (paperback)
|
| 040 |
|
|
|a DLC
|b gre
|c DLC
|d DLC
|d GR-PaULI
|e AACR2
|
| 082 |
0 |
0 |
|a 822.912
|2 23
|
| 245 |
0 |
4 |
|a The New Cambridge Companion to Samuel Beckett /
|c edited by Dirk Van Hulle.
|
| 246 |
3 |
0 |
|a Samuel Beckett
|
| 260 |
|
|
|a New York :
|b Cambridge University Press,
|c 2015.
|
| 300 |
|
|
|a xxxii, 228 σ. ;
|c 24 εκ.
|
| 490 |
1 |
|
|a Cambridge companions to literature
|
| 504 |
|
|
|a Περιλαμβάνει βιβλιογραφία (σ. 201-219) και ευρετήριο.
|
| 600 |
1 |
4 |
|a Beckett, Samuel,
|d 1906-1989
|x Ερμηνεία και κριτική
|9 81609
|
| 700 |
1 |
4 |
|a Hulle, Dirk van.
|e επιμελητής
|9 159346
|
| 830 |
|
0 |
|9 159347
|a Cambridge companions to literature
|
| 942 |
|
|
|2 ddc
|c BK15
|
| 952 |
|
|
|0 0
|1 0
|2 ddc
|4 0
|6 822_912000000000000_BEC_HUL
|7 0
|9 208935
|a THST
|b THST
|d 2017-01-18
|i 014415
|l 1
|o 822.912 BEC HUL
|p 025000138646
|r 2024-05-20 00:00:00
|s 2024-04-03
|v 2017.00
|w 2017-01-18
|y BK15
|
| 998 |
|
|
|c ΜΑΝΙΑ
|d 2017-01
|
| 999 |
|
|
|c 127087
|d 127087
|